Statistics for Country Bullseye

Click here to take the quiz!

General Stats

  • This quiz has been taken 75 times
    (9 since last reset)
  • The average score is 46 of 49

Answer Stats

Hint Answer % Correct
Countries with the most peopleChina
100%
Countries with the highest median ageJapan
100%
Countries that produce the most raw diamondsAustralia
100%
Countries that produce the most raw diamondsBotswana
100%
Countries that produce the most raw diamondsRussia
100%
Countries that are the top export destinations of HungaryAustria
100%
Countries with the longest Mediterranean coastlineTurkey
100%
Countries with the longest Mediterranean coastlineCroatia
100%
Countries with the most UNESCO World Heritage SitesFrance
100%
Countries with the most peopleIndia
100%
Countries with the most UNESCO World Heritage SitesItaly / China (tie)
100%
Countries with the highest median ageGreece
100%
Countries with the highest median ageItaly
100%
Countries with the highest median ageGermany
100%
Countries with the most UNESCO World Heritage SitesSpain
100%
Countries that produce the most raw diamondsCanada
100%
Countries with the highest oil production per capitaBrunei
100%
Countries with the most peopleUnited States
100%
Countries with the most peopleIndonesia
100%
Countries with the most peopleBrazil
100%
Largest countries by area in AfricaAlgeria
100%
Largest countries by area in AfricaD.R. Congo
100%
Largest countries by area in AfricaSudan
100%
Largest countries by area in AfricaLibya
100%
Largest countries by area in AfricaChad
100%
Countries with the highest oil production per capitaNorway
100%
Countries with the highest oil production per capitaSaudi Arabia
100%
Countries with the highest median ageMonaco
88%
Countries that are the top export destinations of HungaryRomania
88%
Countries with the highest GDP per capitaSingapore
88%
Countries with the highest GDP per capitaBrunei
88%
Countries with the highest GDP per capitaIreland
88%
Countries with the longest Mediterranean coastlineGreece
88%
Countries with the highest GDP per capitaLuxembourg
88%
Countries with the highest oil production per capitaUnited Arab Emirates
75%
Countries with the highest oil production per capitaKuwait
75%
Countries with the highest GDP per capitaQatar
75%
Countries with the highest volcanoes by elevationEcuador
75%
Countries with the highest volcanoes by elevationPeru
75%
Countries with the highest volcanoes by elevationArgentina
75%
Countries with the highest volcanoes by elevationChile
75%
Countries with the highest volcanoes by elevationBolivia
75%
Countries that are the top export destinations of HungaryGermany
63%

Score Distribution

Percentile by Number Answered

Percent of People with Each Score

Your Score History

You have not taken this quiz since the last reset